<?xml version="1.0" encoding="UTF-8"?>
<record
    xmlns:xsi="http://www.w3.org/2001/XMLSchema-instance"
    xsi:schemaLocation="http://www.loc.gov/MARC21/slim http://www.loc.gov/standards/marcxml/schema/MARC21slim.xsd"
    xmlns="http://www.loc.gov/MARC21/slim">

  <leader>01009naa a2200205 a 4500</leader>
  <controlfield tag="003">BD-RjUL</controlfield>
  <controlfield tag="005">20230208115610.0</controlfield>
  <controlfield tag="008">230208s1985    u  ||||| |||| 00| 0 a   d</controlfield>
  <datafield tag="035" ind1=" " ind2=" ">
    <subfield code="a">(BD-RjUL)</subfield>
  </datafield>
  <datafield tag="040" ind1=" " ind2=" ">
    <subfield code="a">BD-RjUL</subfield>
    <subfield code="b">eng</subfield>
    <subfield code="c">BD-RjUL</subfield>
  </datafield>
  <datafield tag="041" ind1=" " ind2=" ">
    <subfield code="a">ara</subfield>
  </datafield>
  <datafield tag="082" ind1=" " ind2=" ">
    <subfield code="2">23</subfield>
    <subfield code="a">332.1091767 </subfield>
    <subfield code="b">NAA 1985</subfield>
  </datafield>
  <datafield tag="100" ind1="1" ind2=" ">
    <subfield code="a">Al-Najjar, Ahmed Mohamed Abdel Aziz   &#x627;&#x644;&#x646;&#x62C;&#x627;&#x631;&#x60C; &#x623;&#x62D;&#x645;&#x62F; &#x645;&#x62D;&#x645;&#x62F; &#x639;&#x628;&#x62F; &#x627;&#x644;&#x639;&#x632;&#x64A;&#x632;</subfield>
    <subfield code="9">6902</subfield>
  </datafield>
  <datafield tag="245" ind1="1" ind2="4">
    <subfield code="a">&#x627;&#x644;&#x623;&#x635;&#x627;&#x644;&#x629; &#x648;&#x627;&#x644;&#x645;&#x639;&#x627;&#x635;&#x631;&#x629; &#x641;&#x64A; &#x645;&#x646;&#x647;&#x62C; &#x627;&#x644;&#x62A;&#x646;&#x645;&#x64A;&#x629; &#x627;&#x644;&#x634;&#x627;&#x645;&#x644;&#x629; : &#x628;&#x646;&#x648;&#x643; &#x628;&#x644;&#x627; &#x641;&#x648;&#x627;&#x626;&#x62F; : &#x642;&#x636;&#x64A;&#x629; &#x628;&#x646;&#x648;&#x643; &#x627;&#x644;&#x627;&#x62F;&#x62E;&#x627;&#x631; &#x627;&#x644;&#x645;&#x62D;&#x644;&#x64A;&#x629;    //  al'asalat walmueasarat fi manhaj altanmiat alshaamilat : banuk bila fawayid : qadiat banuk alaidikhar almahaliya  /</subfield>
    <subfield code="c">Ahmed Mohamed Abdulaziz Al-Najjar,  &#x623;&#x62D;&#x645;&#x62F; &#x645;&#x62D;&#x645;&#x62F; &#x639;&#x628;&#x62F;&#x627;&#x644;&#x639;&#x632;&#x64A;&#x632; &#x627;&#x644;&#x646;&#x62C;&#x627;&#x631;</subfield>
  </datafield>
  <datafield tag="250" ind1=" " ind2=" ">
    <subfield code="a">2nd.ed.</subfield>
  </datafield>
  <datafield tag="260" ind1=" " ind2=" ">
    <subfield code="a"> &#x627;&#x644;&#x642;&#x627;&#x647;&#x631;&#x629;: </subfield>
    <subfield code="b">&#x627;&#x644;&#x627;&#x62A;&#x62D;&#x627;&#x62F; &#x627;&#x644;&#x62F;&#x648;&#x644;&#x64A; &#x644;&#x644;&#x628;&#x646;&#x648;&#x643; &#x627;&#x644;&#x625;&#x633;&#x644;&#x627;&#x645;&#x64A;&#x629; ,</subfield>
    <subfield code="c">1985</subfield>
  </datafield>
  <datafield tag="300" ind1=" " ind2=" ">
    <subfield code="a">354 p. ;</subfield>
    <subfield code="c">23 cm</subfield>
  </datafield>
  <datafield tag="650" ind1=" " ind2=" ">
    <subfield code="a">Islami Bank</subfield>
    <subfield code="z">Bangladesh</subfield>
    <subfield code="9">6903</subfield>
  </datafield>
  <datafield tag="942" ind1=" " ind2=" ">
    <subfield code="2">ddc</subfield>
    <subfield code="c">BK</subfield>
  </datafield>
  <datafield tag="999" ind1=" " ind2=" ">
    <subfield code="c">81192</subfield>
    <subfield code="d">81192</subfield>
  </datafield>
  <datafield tag="952" ind1=" " ind2=" ">
    <subfield code="0">0</subfield>
    <subfield code="1">0</subfield>
    <subfield code="2">ddc</subfield>
    <subfield code="4">0</subfield>
    <subfield code="7">1</subfield>
    <subfield code="8">NFIC</subfield>
    <subfield code="a">RUCL</subfield>
    <subfield code="b">RUCL</subfield>
    <subfield code="c">Reading</subfield>
    <subfield code="d">1995-07-24</subfield>
    <subfield code="e">Islamic Development Bank , Jeddah</subfield>
    <subfield code="l">0</subfield>
    <subfield code="o">A 332.1091767  NAA 1985</subfield>
    <subfield code="r">2023-02-08 00:00:00</subfield>
    <subfield code="t">C-1</subfield>
    <subfield code="w">2023-02-08</subfield>
    <subfield code="y">BK</subfield>
  </datafield>
</record>
